Statistics for Famous People from Illinois

Click here to take the quiz!

General Stats

  • This quiz has been taken 6,919 times
    (5,578 since last reset)
  • The average score is 14 of 22

Answer Stats

Clue Hometown Answer % Correct
Illinois is the "Land" of himSpringfieldAbraham Lincoln
93%
Playboy founderChicagoHugh Hefner
87%
President #44ChicagoBarack Obama
87%
Han SoloPark RidgeHarrison Ford
83%
Prohibition-era crime bossChicagoAl Capone
82%
"Groundhog Day" starWilmetteBill Murray
78%
He pities the foolChicagoMr. T
76%
2016 Democratic nomineePark RidgeHillary Clinton
73%
Billionaire TV hostessChicagoOprah Winfrey
69%
"Ben-Hur" actorWinnetkaCharlton Heston
65%
"Animal House" comedianWheatonJohn Belushi
63%
Gipper PresidentDixonRonald Reagan
62%
"Gold Digger" rapperChicagoKanye West
60%
Supermodel with a
famous mole
DeKalbCindy Crawford
60%
"A Farewell to Arms" authorOak ParkErnest Hemingway
59%
"Untouchable"
Prohibition enforcer
ChicagoElliot Ness
53%
He built the McDonald's
franchise
Oak ParkRay Kroc
46%
"High Fidelity" starEvanstonJohn Cusack
42%
Chicago mayor, 1989-2011ChicagoRichard M. Daley
38%
Famously cool jazz trumpeterEast
St. Louis
Miles Davis
37%
Bears linebacker
1965-1973
ChicagoDick Butkus
29%
Heptathlon championEast
St. Louis
Jackie Joyner-
Kersee
17%

Score Distribution

Percentile by Number Answered

Percent of People with Each Score

Your Score History

You have not taken this quiz since the last reset